000 00976nam a2200217Ii 4500
003 JO-AjNU
008 230605s9999||||xx |||||||||||||| ||und||
017 _a2014/12/5864
040 _aJO-AjNU
_bara
_erda
_cJO-AjNU
041 _aara
050 1 4 _aJQ1833.H64.2014
100 3 _aالمجالي ، سامي . مؤلف، عواد ، صطام. مؤلف / ابراهيم الحويان ، عادل المعايطة ، وليد النسور ، اعداد,
_eauthor
_950839
245 0 0 _aالرؤية الملكية لمسيرة الإصلاح دراسة وتوصيات للاوراق النقاشية الملكية الخمسة من وجهة نظر شبابية
250 _a(د،ط)
264 3 1 _aعمان : المؤلفون ،2014
300 _a126ص
336 _atext
_btxt
_2rdacontent
337 _aunmediated
_bn
_2rdamedia
338 _avolume
_bnc
_2rdacarrier
650 4 _aالأحوال السياسية -- الأردن -- الأصلاح السياسي
_950840
999 _aA22419
_c25987
_d25987